Vincitori Premio per il miglior testo del Festival di Sanremo - Statistics

Statistiche generali
  • Questo quiz è stato fatto 48 volte
    32 dall'ultimo reset
  • Il punteggio medio è 7 su 12
Statistiche sulle risposte
Anno Vincitore Premio per il miglior testo Canzone vincitrice % Corretto
2017 Fiorella Mannoia Che sia benedetta
100%
2024 Fiorella Mannoia Mariposa
100%
2023 Coma_Cose L'addio
84%
2016 Francesco Gabbani Amen
80%
2021 Madame Voce
80%
2019 Daniele Silvestri Argentovivo
64%
2020 Rancore Eden
64%
2022 Fabrizio Moro Sei tu
60%
2014 Cristiano De André Invisibili
40%
2018 Mirkoeilcane Stiamo tutti bene
36%
2013 Il Cile Le parole non servono più
28%
2015 Kaligola Oltre il giardino
12%
Nessun quiz corrispondente trovato
Distribuzione punteggi
Percentuale di utenti per punteggio
Percentile per numero di risposta
I tuoi punteggi nel tempo
Non hai fatto questo quiz dall'ultimo reset